|
|
|
|
| LEADER |
00000nab a2200000 a 4500 |
| 001 |
vtls000723129 |
| 003 |
SK-MaSNL |
| 005 |
20260318114702.0 |
| 008 |
141024c2000 xo 0 hun |
| 015 |
|
|
|a SNBRB2000/05-ccccc
|
| 035 |
|
|
|a CLN000075296
|
| 040 |
|
|
|a SNKBUCL
|b slo
|c SNKBUCL
|e AACR2
|
| 041 |
0 |
|
|a hun
|
| 044 |
|
|
|a xo
|c SK
|
| 080 |
|
|
|a 37-051
|2 1997
|
| 080 |
|
|
|a 371.124
|2 1997
|
| 080 |
|
|
|a 929 Gáspár, Tibor
|2 1997
|
| 100 |
1 |
|
|a Farkasné Bartakovics, Adrianna
|4 ivr
|9 844219
|
| 245 |
1 |
0 |
|a A magyar iskolák vállalása
|b beszélgetés a Czabán Samu-díjas Gáspár Tiborral
|c Farkasné Bartakovics Adrianna
|
| 300 |
|
|
|b Fotogr.
|
| 600 |
1 |
7 |
|a Gáspár, Tibor,
|d 1928-2011
|2 snkbucl
|9 101741
|
| 651 |
|
7 |
|a Komárno (Slovensko : okres)
|2 snkbucl
|9 15954
|
| 655 |
|
7 |
|a články z novín a časopisov
|2 snkbucl
|9 267496
|
| 700 |
1 |
|
|a Gáspár, Tibor,
|d 1928-2011
|4 aut
|9 101741
|
| 773 |
0 |
|
|t Katedra
|g Roč. 7, č. 8 (2000), s. 7
|
| 850 |
|
|
|a Slovenská národná knižnica v Martine
|
| 852 |
|
|
|a SNK
|b KIS3GCP
|
| 958 |
|
|
|a HU
|
| 958 |
|
|
|a SK
|
| 958 |
|
|
|a BX
|
| 999 |
|
|
|c 3328608
|d 3330538
|